|
|
|
|
| LEADER |
00939cam a2200253 7i4500 |
| 001 |
0000076638 |
| 005 |
20240823090000.0 |
| 020 |
|
|
|a 9780429026317 (electronic book)
|
| 090 |
0 |
0 |
|a RA1063.4
|b .G222 2022
|
| 100 |
1 |
|
|a Gupta, Sudhir K
|
| 245 |
1 |
0 |
|a Forensic pathology of asphyxial deaths
|c Dr. Sudhir K. Gupta.
|
| 264 |
|
|
|a Boca Raton, FL:
|b CRC Press,
|c 2022.
|
| 300 |
|
|
|a 1 online resource (205 pages):
|b colour illustrations, text file, PDF.
|
| 336 |
|
|
|a text
|2 rdacontent
|
| 337 |
|
|
|a computer
|2 rdamedia
|
| 338 |
|
|
|a online resource
|2 rdacarrier
|
| 504 |
|
|
|a Includes bibliographical references and indexes
|
| 650 |
|
0 |
|a Forensic Pathology --
|x Methods
|
| 650 |
|
0 |
|a Asphyxia --
|x Pathology
|
| 655 |
|
0 |
|a Electronic books
|
| 856 |
4 |
2 |
|u http://library.unisel.edu.my/web/guest/mylibrary
|
| 997 |
|
|
|a Health Sciences, Faculty
|
| 998 |
|
|
|a Medical Laboratory Technology, Degree
|
| 999 |
|
|
|a EBO0019418
|b EBOOK
|c EBOOK
|e Electronic resources
|